| 000 | 01281nam0a22002531 4500 | ||
|---|---|---|---|
| 001 | rc\630291 | ||
| 005 | 20031121164355.4 | ||
| 035 | _a(NLR Aleph) 005872506 | ||
| 090 |
_a5993645 _c5993645 |
||
| 100 | _a20031121d1986 u |0rusy50 ca | ||
| 101 | 0 | _arus | |
| 102 | _aRU | ||
| 105 | _ay ||||||||| | ||
| 200 | 1 |
_aМетодические советы по изучению произведения В.И. Ленина "Две тактики социал-демократии в демократической революции" _e(В помощь лекторам, пропагандистам и слушателям системы полит. учебы) _fДом полит. просвещения Сарат. обкома КПСС, Сарат. обл. орг. о-ва "Знание" |
|
| 210 |
_aСаратов _cБ. и. _d1986 |
||
| 215 |
_a30 с. _d20 |
||
| 320 | _aБиблиогр.: с. 28-29 | ||
| 604 |
_1700#1$aЛенин$bВ.И.$gВладимир Ильич _150010$aДве тактики социал-демократии в демократической революции$2psbo |
||
| 700 | 1 |
_aМалышева _bН. С. _gНина Сергеевна |
|
| 801 | 0 |
_aRU _bNLR _gpsbo |
|
| 801 | 1 |
_aRU _bELAR _2rusmarc |
|
| 852 |
_aNLR _j87-4/21167 |
||
| 942 | _cBOOK | ||
| 980 | _aNB | ||